Statistics for All TIme Domestic Box Office

Click here to take the quiz!

General Stats

  • This quiz has been taken 15 times
  • The average score is 10 of 15

Answer Stats

Rank Total Answer Year of Release % Correct
7$623,357,910Marvel's The Avengers2012
100%
2$760,507,625Avatar2008
100%
5$659,363,944Titanic1997
93%
3$699,900,852Black Panther2018
93%
6$652,270,625Jurassic World2015
80%
4$676,024,817Avengers: Infinity War2018
80%
1$936,662,225Star Wars: The Force Awakens2015
80%
8$620,181,382Star Wars: The Last Jedi2017
73%
14$474,544,677Star Wars: Episode I - The Phantom Menace1999
60%
10$534,858,444The Dark Knight2008
60%
15$460,998,007A New Hope (Star Wars)1977
47%
11$532,177,324Rogue One: A Star Wars Story2016
40%
9$535,861,390Incredibles 22018
33%
13$486,295,561Finding Dory2016
27%
12$504,014,165Beauty and the Beast (2017)2017
13%

Score Distribution

Percentile by Number Answered

Percent of People with Each Score

Your Score History

You have not taken this quiz